Регионална библиотека "Любен Каравелов" - Русе

Sonate per violoncello e pianoforte [аудио CD] | Chant saphique (Запис номер 220875)

MARC детайли
000 -Лидер
Контролно поле с фиксирана дължина 00876njm a2200289 c 4500
003 - Код на организацията, давaща контролен номер
Контролно поле BLK
005 - Дата и час на последна редакция
Контролно поле 20250320142640.0
008 - Елементи от данни с фиксирана дължина
fixed length control field 180410b bul||n||s|||||||| n|bulo|
010 ## - Наследен системен номер
LC control number CDD00003358000
040 ## - Източник на каталожния запис
Идентификатор на билиотеката - собственик на записа BLK
041 ## - Код за език
Код за езика на текст/звукозапис или на отделно заглавие Български
Код за езика КДБФ Други
100 1# - Редна дума - Автор
Автор Saint-Saens, Camille
Дати, свързани с автора 1835 - 1921
Автор - информация (биография) Композитор, органист
Пълна форма на името Сен-Санс, Шарл Камий
R(LIN) 23115
139 ## - Редно поле
Редна дума Saint-Saens, Camille
Авторски знак Sai - S 16
245 10 - Сведения за заглавието
Заглавие Sonate per violoncello e pianoforte [аудио CD]
Редно поле (дума) Camille Saint-Saens.
245 10 - Сведения за заглавието
Заглавие Chant saphique
257 ## - Страна на издаване
Страна на създаване/издаване България
260 ## - Област на издателските данни
-- Milano
Година на издаване 2008
380 ## - Жанр
Жанр Изкуство
490 1# - СЕРИИ (Колекции)
Име на серия Amadeus
590 ## - Забележки на библиотеката, притежаваща документа (RLIN)
Служебно S.N: 86949 от КНИГИ
852 ## - Местоположение
Форматна сигнатура Цб CD 2063
Част 0
856 4# - Електронен адрес и достъп
Електронен формат pdf - файл
Път до файла /url/
856 4# - Електронен адрес и достъп
Електронен формат pdf - файл
Път до файла /url/
942 ## - АРТИКУЛИ
Вид на библиотечния материал Компактдискове
Скрит в OPAC Не
944 ## - СЪЗДАВАНЕ И РЕДАКЦИЯ на ЗАПИСА
Създаване/Редакция Създаване
Дата на регистрацията/редакция 17.12.2008
Служител, извършил регистрацията/редакцията 30560
Статус, дата на статуса Геновева Генчева
944 ## - СЪЗДАВАНЕ И РЕДАКЦИЯ на ЗАПИСА
Създаване/Редакция Редакция
Дата на регистрацията/редакция 17.12.2008
Служител, извършил регистрацията/редакцията
999 ## - СИСТЕМНИ КОНТРОЛНИ НОМЕРА
Koha biblionumber 220875
Koha biblioitemnumber 220875
Наличности
Код за отписване Код за изгубен артикул Източник на класификационната схема Код за повреда Коз за рестрикции Код за отдаване Артикулен № Име на библиотеката - собственик Име на библиотеката, в която се намира в момента Статус (Текущо местоположение) Дата на вписване в системата Местоположение - отдел Цена в лева Инвентарен номер Систематично азбучна сигнатура Баркод Номер на екземпляра Цена в евро Служебна бележка Служебен тип на артикула
  Не е изгубен Universal Decimal Classification Не е повреден без рестрикции заемане за дома 392721 Регионална библиотека "Любен Каравелов" Русе Регионална библиотека "Любен Каравелов" Русе Отдел Изкуство - подръчен фонд 2008-12-17 Отдел Изкуство - подръчен фонд 5.96 250000003610 78.082/S 16 250000003610 1 3.05 Дост: Pk Вид: Ф N: 264 Дата: 09.12.2008 Съставил: Валя_Йорданова Компактдискове
Vip Innovations Ltd, Rousse, Bulgaria 2025